000
00271nam a2200097Ia 4500
008
231207s9999 xx 000 0 und d
082
_a
720.954
_b
KHA
100
_a
Khanna, Rahul
245
4
_a
The modern architecture of New Delhi 1928-2007
260
_b
Random House Publishers
999
_c
27602
_d
27602